[Event "Metz op-B 29th"]
[Site "Metz"]
[Date "2011.05.02"]
[Round "1"]
[White "Vaillant, Stephane"]
[Black "Thiebaux, Jean Claude"]
[Result "1-0"]
[WhiteElo "1998"]
[BlackElo "1731"]
[PlyCount "99"]
[EventDate "2011.05.02"]
[EventType "swiss"]
[EventRounds "9"]
[EventCountry "FRA"]
[SourceTitle "EXT 2013"]
[Source "ChessBase"]
[SourceDate "2012.11.22"]
[SourceVersion "1"]
[SourceVersionDate "2012.11.22"]
[SourceQuality "1"]

1. d4 d5 2. Nf3 c6 3. c4 Nf6 4. Nc3 e6 5. cxd5 cxd5 6. Bf4 a6 7. e3 Nc6 8. Rc1 Bd7 9. Bd3 Be7 10. h3 Rc8 11. 0-0 0-0 12. a3 Re8 13. Na4 b5 14. Nc5 Qb6 15. b4 a5 16. Bg5 Rc7 17. Ne5 Bc8 18. Nxc6 Rxc6 19. Qe2 Rc7 20. Bxb5 Rd8 21. bxa5 Qxa5 22. a4 h6 23. Bf4 Ra7 24. Rc2 Bd6 25. Bxd6 Rxd6 26. Nb3 Qd8 27. Rfc1 Ra8 28. Rc5 Ne4 29. Rc7 Rb6 30. R7c6 Rbb8 31. R6c2 Qf6 32. Nc5 Ng5 33. Bd7 Qg6 34. Bxc8 Rxc8 35. Kh2 Rcb8 36. Rb2 Rc8 37. Rbc2 Rcb8 38. Qd2 Ne4 39. Nxe4 Qxe4 40. a5 e5 41. Rc5 f5 42. f3 Qh4 43. dxe5 Kh7 44. Rxd5 Rb3 45. Qc2 Rxe3 46. Qxf5+ Kg8 47. Rc8+ Rxc8 48. Qxc8+ Kh7 49. Qf5+ Kg8 50. Rc5 1-0

[Event "Vandoeuvre op 5th"]
[Site "Vandoeuvre"]
[Date "2008.12.29"]
[Round "8"]
[White "Delorme, Laurie"]
[Black "Thiebaux, Jean Claude"]
[Result "1-0"]
[WhiteElo "2171"]
[BlackElo "1784"]
[PlyCount "41"]
[EventDate "2008.12.26"]
[EventType "swiss"]
[EventRounds "9"]
[EventCountry "FRA"]
[SourceTitle "CBM 127 Extra"]
[Source "ChessBase"]
[SourceDate "2009.01.08"]
[SourceVersion "2"]
[SourceVersionDate "2009.01.28"]
[SourceQuality "1"]

1. d4 d5 2. c4 c6 3. Nf3 Nf6 4. Nc3 dxc4 5. e4 e6 6. Bxc4 b5 7. Bd3 Bb4 8. 0-0 Nbd7 9. e5 Bxc3 10. bxc3 Nd5 11. Qc2 Qc7 12. Ng5 Nf8 13. Ne4 Qe7 14. Nd6+ Kd7 15. a4 b4 16. c4 Nc3 17. Bd2 Ng6 18. Qb3 a5 19. Bxc3 bxc3 20. Be4 Kc7 21. Rab1 1-0

[Event "Metz op 24th"]
[Site "Metz"]
[Date "2006.04.22"]
[Round "1"]
[White "Thiebaux, Jean Claude"]
[Black "Bagheri, Amir"]
[Result "0-1"]
[WhiteElo "1932"]
[BlackElo "2513"]
[PlyCount "68"]
[EventDate "2006.04.22"]
[EventType "swiss"]
[EventRounds "9"]
[EventCountry "FRA"]
[SourceTitle "EXT 2007"]
[Source "ChessBase"]
[SourceDate "2006.11.23"]
[SourceVersion "1"]
[SourceVersionDate "2006.11.23"]
[SourceQuality "1"]

1. e4 e5 2. Nf3 Nc6 3. Bb5 a6 4. Ba4 Nf6 5. 0-0 Be7 6. Re1 b5 7. Bb3 0-0 8. d3 d6 9. c3 Na5 10. Bc2 c5 11. h3 Nc6 12. Nbd2 Re8 13. Nf1 Bf8 14. Ng3 g6 15. Bg5 h6 16. Be3 d5 17. exd5 Nxd5 18. Bd2 Kh7 19. a4 Rb8 20. axb5 axb5 21. Nh2 f5 22. c4 bxc4 23. dxc4 Nb6 24. b3 Bg7 25. Bc3 Nd4 26. Ra7 Rb7 27. Rxb7 Bxb7 28. f3 Qg5 29. Ba5 Qxg3 30. Bxb6 Nxc2 31. Re2 Nd4 32. Ra2 e4 33. Bxc5 exf3 34. Rf2 Ne2+ 0-1